00728nam a2200157 a 450000100100000000500170001000800410002704000250006824501760009325000220026926000580029130000200034904900090036995201750037899900170055300003059620200930062411.0110524s1929 dr 000 0 spa d aDO-SdBNPbspacBNPHU10aTratado de paz, amistad y arbitraje entre la República Dominicana y la República de Haití :b(firmado en la ciudad de Santo Domingo, el día 20 de febrero de 1929). aEdición oficial aSanto Domingo :bImprenta J. R. Vda. García,c1929. a11 p. ;c26 cm. aBNPD 0010718PDaPDbPDcCTd2011-05-24iLF1l0o p30596-10r2020-06-25w2020-06-25yLFPDzPerteneció a la biblioteca personal de Carlos Larrazábal Blanco.ZNo se presta c30088d30088